Солярис; Непобедимый; Рассказы о пилоте Пирксе; Фиаско; Рассказы из цикла "Кибериада"; Из воспоминаний Ийона Тихого: пер. с пол.

Chi tiết về thư mục
Tác giả chính: Лем С. Станислав
Ngôn ngữ:Tiếng Nga
Được phát hành: Москва, АСТ, 2003
Loạt:Золотой фонд мировой классики
Пушкинская библиотека
Những chủ đề:
Định dạng: Sách
KOHA link:https://koha.lib.tpu.ru/cgi-bin/koha/opac-detail.pl?biblionumber=54506

MARC

LEADER 00000nam0a2200000 4500
001 54506
005 20231101211507.0
010 |a 517018865X 
035 |a (RuTPU)RU\TPU\book\57157 
090 |a 54506 
100 |a 20030813d2003 m y0rusy50 ca 
101 1 |a rus  |c pol 
102 |a RU 
105 |a y z 000ay 
200 1 |a Солярис  |a Непобедимый  |a Рассказы о пилоте Пирксе  |a Фиаско  |a Рассказы из цикла "Кибериада"  |a Из воспоминаний Ийона Тихого  |e пер. с пол.  |f С. Лем 
210 |a Москва  |c АСТ  |d 2003 
215 |a 829 с. 
225 1 |a Золотой фонд мировой классики 
225 1 |a Пушкинская библиотека 
610 1 |a польская литература 
610 1 |a романы 
610 1 |a рассказы 
610 1 |a фантастика 
675 |a 884  |v 3 
700 1 |a Лем  |b С.  |c польский писатель  |c фантаст  |f 1921-2006  |g Станислав  |2 stltpush  |3 (RuTPU)RU\TPU\pers\37035  |9 20050 
801 1 |a RU  |b 63413507  |c 20030813  |g PSBO 
801 2 |a RU  |b 63413507  |c 20160808  |g PSBO 
942 |c BK